| 000 | 00601cam a22002055a 4500 | ||
|---|---|---|---|
| 001 | L149932 | ||
| 008 | 100518e2010 xxk 000 0 eng d | ||
| 035 | _a(Sirsi) u149933 | ||
| 041 | 0 | _aeng | |
| 050 | _a690.025 $2 18 | ||
| 100 | 1 | _aAuchterlounie, Tony | |
| 245 | 0 | 0 | _aRecurring quality issues in the UK private house building industry |
| 260 | _c2009 | ||
| 490 |
_aStructural Survey _v27(3) 241-251(11) |
||
| 520 | _aExamines the UK private house building industry and customer satisfaction. | ||
| 590 | _aKA | ||
| 651 | 4 | _aUnited Kingdom | |
| 690 | _aBUILT ENVIRONMENT | ||
| 942 |
_n0 _2ddc |
||
| 999 |
_c82337 _d82337 |
||